Most Spoken Languages that Don't Use the Latin Script - Statistics

General Stats
  • This quiz has been taken 412 times
    348 since last reset
  • The average score is 11 of 15
Answer Stats
# Answer % Correct
918 m Mandarin
98%
>275 m Arabic
94%
341 m Hindi
94%
128 m Japanese
93%
154 m Russian
91%
77.3 m Korean
85%
73.1 m Cantonese
80%
228 m Bengali
78%
68.6 m Urdu
75%
75.0 m Tamil
69%
81.4 m Wu
65%
125 m Punjabi
60%
56.4 m Gujarati
48%
82.0 m Telugu
48%
83.1 m Marathi
47%
No matching quizzes found
Score Distribution
Percent of People with Each Score
Percentile by Number Answered
Your Score History
You have not taken this quiz since the last reset